Statistiques concernant Le meilleur quiz de toute la Terre

Cliquez ici pour prendre le quiz!

Statistiques générales

  • Ce quiz a été pris 33 fois
  • Le résultat moyen est 5 sur 9

Statistiques - réponses

QuestionRéponse% Correct
1+1 =2
100%
Capitale de la FranceParis
100%
Quelle est la couleur du cheval blanc d'Henri IV ?Blanc
93%
C'est bon à étaler sur le pain, et les gens se frappent pour le payer moins cher.Nutella
70%
Président dont le surnom était FlambyHollande
59%
Acteur belge qui adore l'eau. Même si dans 20, 30 ans y en aura plus.Jean-Claude Van Damme
33%
Dimanche, à cet endroit, c'est l'heure du mariageBamako
26%
Meilleur pays du mondeCorée du Nord
11%
Prénom de Koba La DMarcel Junior
11%

Distribution des résultats

Percentile par nombre de réponses

% des personnes avec chaque résultat

Votre développement - résultats

Vous n’avez pas pris ce quiz